000 01902nkm0a2200373 4500
001 RU\NLR\BIBL_A\022762086
005 20260401201323.0
035 _a(NLR Aleph) 022762086
090 _a13647496
_c13647496
100 _a20260320d2002 u y0rusy50 ca
101 0 _arus
_aeng
102 _aRU
116 _adiycxx zz ae
181 0 _ab4
_bxb2e
182 0 _an
200 1 _aГирнар
_dGirnar
_eхолст, темпера, 1944
_eГосударственный музей Востока, Москва
_e[открытка]
_fС. Н. Рерих
_zeng
203 _aИзображение
_bнеподвижное
_bдвухмерное
_bвизуальное
_cнепосредственное
210 _aСамара
_cАгни
_d2002
215 _a1 л.
_cцв. фотомех. печ.
_d9,9х15
300 _aСведения об ответственности также на англ. яз.: Svetoslav Roerich
510 1 _6z46790
_aGirnar
_zeng
606 1 _aПочтовые открытки маркированные художественные
_yРоссийская Федерация
_92280867
_3RU\NLR\AUTH\661366550
606 1 _aЖивопись индийская
_jОткрытки
_z20 в.
_91124173
_3RU\NLR\AUTH\66445826
610 1 _aРепродукционные открытки
610 1 _aВидовые открытки
686 1 _aЩ153(2Р)75-489
700 1 _4040
_7ca
_8rus
_aРерих
_bС. Н.
_f1904-1993
_gСвятослав Николаевич
_92446
_3RU\NLR\AUTH\7719374
712 0 2 _4570
_aГосударственный музей Востока
_cМосква
_9510682
_3RU\NLR\AUTH\8810006580
790 1 _6z46510
_aRerich
_bS. N.
_f1904-1993
_gSvjatoslav Nikolaevič
_4040
852 0 0 _aNLR
_bЭ
_jОИс516/Р422
_mЭот101227
942 _cVISUAL
980 _aNB